TESOL newsletter
Αποθηκεύτηκε σε:
| Συγγραφή απο Οργανισμό/Αρχή: | |
|---|---|
| Μορφή: | Περιοδική έκδοση |
| Γλώσσα: | English |
| Δημοσίευση: |
Flagstaff, AZ. :
Pantagraph Printing,
[19--/1990]
|
| Θέματα: | |
| Ετικέτες: |
Προσθήκη ετικέτας
Δεν υπάρχουν, Καταχωρήστε ετικέτα πρώτοι!
|
MARC
| LEADER | 00000nas a2200000 i 4500 | ||
|---|---|---|---|
| 001 | 1/83976 | ||
| 008 | 080507d99991990us eng d | ||
| 022 | |a 04969987 | ||
| 035 | |l 10097070 | ||
| 040 | |a GR-MY-UA |b gre |e aacr | ||
| 041 | 0 | |a eng | |
| 082 | 0 | |a 428.007 |2 (22) | |
| 245 | 1 | 0 | |a TESOL newsletter |h [περιοδικό] |
| 260 | |a Flagstaff, AZ. : |b Pantagraph Printing, |c [19--/1990] | ||
| 300 | |a 24 τ.; |b εικ.; |c 24 εκ. | ||
| 310 | |a Διμηνιαίο | ||
| 650 | 0 | 0 | |a English language |x Study and teaching |x Foreign speakers |x Periodicals. |
| 710 | 2 | |a Teachers of English to Speakers of Other Languages. | |
| 901 | |a BIBL4-2008-2 | ||
| 970 | |a ΚΟΖΑ |b ΜΑΡΙΑ |z 2008/05/07 | ||